For Real This Time - Gracie Abrams - Statistics

General Stats
  • This quiz has been taken 70 times
  • The average score is 281 of 309
Answer Stats
Hint Answer % Correct
a
100%
for
100%
Bridge | Pre-Chorus | Verse 1 I
100%
in
100%
of
100%
real
100%
this
100%
time
100%
bags
98%
but
98%
i'm
98%
middle
98%
my
98%
night
98%
packed
98%
that
98%
the
98%
think
98%
thousand
98%
times
98%
to
98%
you
98%
do
95%
goodbye
95%
i've
95%
Chorus | Outro I've
95%
me
95%
say
95%
all
93%
be
93%
got
93%
know
93%
up
93%
was
93%
down
91%
it
91%
lied
91%
pictures
91%
reminded
91%
room
91%
things
91%
when
91%
wrong
91%
back
88%
could
88%
maybe
88%
hidden
86%
line
86%
no
86%
off
86%
right
86%
so
86%
taken
86%
Pre-Chorus 2 Who
86%
draw
84%
it's
84%
knew
84%
what
84%
is
81%
not
81%
one
81%
only
81%
sometimes
81%
cry
79%
from
79%
going
79%
guess
79%
happens
79%
offer
79%
should
79%
thought
79%
already
77%
away
77%
enough
77%
gave
77%
if
77%
make
77%
switching
77%
tough
77%
we'll
77%
work
77%
another
74%
feel
74%
never
74%
or
74%
run
74%
shouldn't
74%
sorry
74%
surprised
74%
tonight
74%
walking
74%
Chorus 'Cause
72%
heard
72%
same
72%
Verse 2 Couldn't
70%
dry
70%
kind
70%
long
70%
thinks
70%
way
70%
we've
70%
really
67%
stayed
67%
wish
67%
won't
67%
hope
65%
asked
63%
come
63%
still
63%
tell
63%
we're
63%
running
56%
tried
47%
goodnight
44%
No matching quizzes found
Score Distribution
Percent of People with Each Score
Percentile by Number Answered
Your Score History
You have not taken this quiz